The Developing Economies (Diciembre 2020, Volumen 58, Número 4)/ Institute of Developing Economies
Salvato in:
| Ente Autore: | |
|---|---|
| Natura: | Libro |
| Lingua: | English |
| Soggetti: | |
| Accesso online: | texto completo desde el sitio de la revista |
| Tags: |
Aggiungi Tag
Nessun Tag, puoi essere il primo ad aggiungerne!!
|
MARC
| LEADER | 00000nam a22000007a 4500 | ||
|---|---|---|---|
| 003 | cru CIDCACS/IIS | ||
| 005 | 20230220140032.0 | ||
| 008 | 170419| ja ||||| |||| 00| 0 eng d | ||
| 022 | |a 00121533 | ||
| 040 | |c cru CIDCACS/IIS | ||
| 090 | |a REV0362 58 (4) 2020 | ||
| 110 | 2 | |9 4191 |a Institute of Developing Economies | |
| 245 | 1 | 4 | |a The Developing Economies (Diciembre 2020, Volumen 58, Número 4)/ |b Institute of Developing Economies |
| 505 | |a ARTICLE Introduction to the Special Issue on Pathways to Prosperity in Vietnam: Structural and Transitional Inequality in the Distribution of Opportunity Emi Kojin, Ian Coxhead (Pages: 267-275) Political Elite in Contemporary Vietnam: The Origin and Evolution of the Dominant Stratum Futaba Ishizuka (Pages: 276-300) Top Corporate Leaders in Vietnam's Transitional Economy: Origins and Career Pathways Mai Fujita (Pages: 301-331) Persistent Privilege? Institutional Education Gaps during Vietnam's Economic Boom Diep Phan, Ian Coxhead (Pages: 332-359) Diversifying Factors of Income Inequality in the Rural Mekong Delta: Evidence of Commune-Level Heterogeneity Emi Kojin (Pages: 360-391) BOOK REVIEWS Asian Transformations: An Inquiry into the Development of Nations edited by Deepak Nayyar Machiko Nissanke (Pages: 392-396) Fateful Decisions: Choices That Will Shape China's Future edited by Thomas Fingar and Jean C. Oi Martin King Whyte (Pages: 397-399) The Roots of Revolt: A Political Economy of Egypt from Nasser to Mubarak by Angela Joya Housam Darwisheh (Pages: 400-402) Beyond Technonationalism: Biomedical Innovation and Entrepreneurship in Asia by Kathryn C. Ibata-Arens Gerald Hane (Pages: 403-406) Trade Logistics in Landlocked and Resource Cursed Asian Countries edited by Kankesu Jayanthakumaran, Nagesh Shukla, Charles Harvie, and Odbayar Erdenetsogt Prema-chandra Athukorala (Pages: 406-409) Presidents versus Federalism in the National Legislative Process: The Argentine Senate in Comparative Perspective by Hirokazu Kikuchi Valeria Palanza (Pages: 409-413) | ||
| 650 | 1 | 0 | |9 71 |a DESARROLLO ECONOMICO Y SOCIAL |
| 650 | 4 | |9 1840 |a DESARROLLO INDUSTRIAL | |
| 650 | 1 | 0 | |9 95 |a EXPORTACIONES |
| 650 | 1 | 0 | |9 2806 |a RELACIONES ECONOMICAS INTERNACIONALES |
| 650 | 1 | 0 | |9 93 |a AGRICULTURA |
| 856 | |u https://onlinelibrary.wiley.com/journal/17461049 |y texto completo desde el sitio de la revista | ||
| 942 | |2 ddc |c PP | ||
| 999 | |c 44768 |d 44768 | ||
| 773 | 0 | |0 19189 |9 8253 |a Institute of Developing Economies |d Tokio: IDE-JETRO |o 21937 |t The Developing Economies / |x 00121533 | |
